Thirumoolar aruliya thirumanthira maalai (Tamil)

Bibliographic Details
Main Author: Murugesan, C. S.
Format: Book
Published: Chennai : Azhagu Pathippagam , 2013
Subjects:

MARC

LEADER 00000cam a2200000 7i4500
001 0000058167
005 20160106.0
008 160104
024 1 0 |a 1001409 
090 0 0 |a 294.54   |b MUR 
100 1 |a Murugesan, C. S. 
245 1 0 |a Thirumoolar aruliya thirumanthira maalai (Tamil)   |c C. S. Murugesan 
260 |a Chennai :   |b Azhagu Pathippagam ,   |c 2013 
300 |a 176 p. ;   |c 18 cm. 
650 0 |a Devotional   |x Buddhism 
999 |a 0001386568   |b Book   |c Tamil Collection   |e Perbadanan Perpustakaan Awam Johor 
999 |a 0001386569   |b Book   |c Tamil Collection   |e Perbadanan Perpustakaan Awam Johor